| 000 | 00957nas a2200301 4500 | ||
|---|---|---|---|
| 001 | BR2012004443 | ||
| 003 | BR-BrBNA | ||
| 005 | 20231205120749.0 | ||
| 007 | ta | ||
| 008 | 230509b bl.|||p| |||| 00| 00por d | ||
| 040 |
_aBR-BrBNA _bpor _cBiblioteca Nacional de Agricultura |
||
| 041 | _a(Pt) | ||
| 072 | _aF50; P33 | ||
| 100 | 1 | _aSouza, G.S. de | |
| 100 | 1 | _aSouza, Z.M. de | |
| 100 | 1 | _aSilva, R.B. da | |
| 100 | 1 | _aAraújo, F.S. | |
| 100 | 1 | _aBarbosa, R.S. | |
| 245 | 1 | _aCompressibilidade do solo e sistema radicular da cana-de-açúcar em manejo com e sem controle de tráfego | |
| 650 | _aCANA DE AÇÚCAR | ||
| 650 | _aSISTEMA RADICULAR | ||
| 650 | _aCOMPACTAÇÃO DO SOLO | ||
| 650 | _aCOLHEITA MECÂNICA | ||
| 650 | _aESTRUTURA DO SOLO | ||
| 773 | 0 |
_tPesquisa Agropecuária Brasileira (Brazil) _xISSN 0100-204X _g(Apl 2012), v. 47(4) p. 603-612 _wBR2012004443 |
|
| 909 |
_a202311 _bLúcia _c55 _dLúcia Elande |
||
| 942 |
_2AGRIS _n0 _cANA |
||
| 999 |
_c220183 _d220183 |
||